000 00392nam a2200145Ia 4500
008 220217s9999||||xx |||||||||||||| ||und||
020 _a81-7808-737-5
082 _a621.316 GRI
100 _aGriffiths, David, J
_92913
245 0 _aIntroduction to electrodynamics
250 _a3rd
260 _aPearson education asia
_bDelhi
_c2002
300 _b195
650 _aPOWER ELECTRONICS
999 _c170245
_d170245